00531cam a2200181 a 450000500170000000800410001701000140005802000260007203500130009803700130011104000080012410000190013224500500015126000510020127000480025230000230030070000260032320091107113722.0000504s2000 nik 000 0 eng d aENG-95378 a9788131306130c595.00 aEN-78911 bDBAD/PUB aDPL aTarafder, S.K. aHow to write Better Letterscby S.K. Tarafder aNew DelhibA.P.H. Publishing Corporationc2009 a4435-36/7, Ansari Road ,bNew Delhie110002 a260p. c22 cm.(Hb) aKhan, Mohammad Ashraf